01027nam a2200181Ia 450000500170000000800410001705000210005810000430007924500530012226000420017530000180021733600100023533700140024533800120025950400370027150505190030865000180082720231102151239.0120720s1981 mx 000 0 spa d aKGF409bR36 19811 aRamírez Valenzuela, Alejandroeautor aDerecho Civilc / Alejandro Ramírez Valenzuela aMéxicob : Editora Nacionalc, 1981 a179 páginas atexto asin medio avolumen aIncluye: bibliografía (p. 179) aEl derecho - generalidades Hechos y actos jurídicos Clasificación del derecho El derecho civil Las personas La patria protestad La tutela y la emancipación Ausentes o ignorados El patrimonio familiar El parentesco El matrimonio El divorcio Obligación de proporcionar alimentos La filiación La adopción El registro civil Los bienes La propiedad Las sucesiones y la herencia Derechos de autor Los albaceas Las obligaciones Los contratos La hipoteca - otros contratos El registro público de la propiedad14aDERECHO CIVIL